000 00562nam a2200217Ia 4500
005 20250505125022.0
008 008 250505s9999 xx 000 0 eng d
037 _aTextbook
040 _aLCO
_beng
_cLCO
041 _aeng
_2eng
084 _aZ2,3 R4
_qLCO
100 _aKrishnan, Anirudh
245 0 _aCommercial dispute Resolution
_cAnirudh Krishnan
250 _a1st
260 _aHaryana, India
_bLexis Nexis
_c2024
300 _a929
365 _aINR
_b2195
650 _aLaw
942 _cTB
_hZ2,3 R4
999 _c1311115
_d1311115